| 000 | 00627nam a22001097a 4500 | ||
|---|---|---|---|
| 008 | 160321b xxu||||| |||| 00| 0 eng d | ||
| 100 | _aBerger, Frank J. | ||
| 245 | _aRussian zone handoverprints - Vol 1 Intro; Dist 3 - 20 | ||
| 260 |
_aRochester, NY _bGermany Philatelic Society, Handoverprint [Hand Overprint] Study Group, _c1976 |
||
| 650 | _aRussia | Occupation of Germany | Allied Occupation | Germany | Overprints and Surcharges | Occupation Issues | Postal Districts | Post Offices | Forgeries and Counterfeits | Bogus Issues | Postal Markings | ||
| 700 | _aGermany Philatelic Society, Handoverprint [Hand Overprint] Study Group | ||
| 999 |
_c1867 _d1867 |
||